Aplikácia spoločenskej zodpovednosti v spoločnosti Ikea diplomová práca

Saved in:
Bibliographic Details
Main Author: Danišiková-Desatová, Veronika
Corporate Author: Obchodná fakulta EU. Katedra marketingu
Other Authors: Francová, Zuzana, 1971-
Format: Book
Language:Slovak
Published: Bratislava 2014
Tags: Add Tag
No Tags, Be the first to tag this record!

MARC

LEADER 00000nbm a2200000 4500
001 0193712
005 20161212103109.8
041 0 |a slo 
044 |a SK 
245 1 0 |a Aplikácia spoločenskej zodpovednosti v spoločnosti Ikea  |b diplomová práca  |c Veronika Danišiková ; školiteľ: Zuzana Francová 
264 1 |a Bratislava  |c 2014 
300 |a 109 s. 
100 1 |a Danišiková-Desatová, Veronika 
700 1 |a Francová, Zuzana, 1971- 
710 2 |a Obchodná fakulta EU. Katedra marketingu